Tepelno-optická sústava uDAQ28-LT z pohľadu priemyselného riadenia

Uložené v:
Podrobná bibliografia
Hlavný autor: Kamenický, Andrej (Autor)
Ďalší autori: Valo, Richard (Vedúci práce)
Médium: Rukopis Kniha
Jazyk:Slovak
Predmet:
On-line prístup:http://is.stuba.sk/zp/portal_zp.pl?podrobnosti=93656
Tagy: Pridať tag
Žiadne tagy, Buďte prvý, kto otaguje tento záznam!

MARC

LEADER 00000ntm a22000003a 4500
001 stuzp46911
003 SK-STU
005 20160229160114.3
007 ta
008 150427s2015----xo-----f-mn---000-0-slo-d
040 |a STU  |b slo 
041 0 |a slo 
100 1 |a Kamenický, Andrej  |u 047000  |4 aut  |U FCHPT Fakulta chemickej a potravinárskej technológie  |T FCHPT Ústav informatizácie, automatizácie a matematiky  |X 61834  |U C7000  |Y 105  |7 61834 
242 0 1 |a Thermal-Optical Plant uDAQ28-LT from the Perspective of Industrial Controlling  |y eng 
245 1 0 |a Tepelno-optická sústava uDAQ28-LT z pohľadu priemyselného riadenia 
650 4 |a Tepelno-optická sústava  |2 slo 
650 4 |a Vizualizácia  |2 slo 
650 4 |a Priemyselný router eWON  |2 slo 
650 4 |a Riadenie  |2 slo 
650 4 |a Thermal-optical plant  |2 eng 
650 4 |a Vizualization  |2 eng 
650 4 |a Industrial router eWON  |2 eng 
650 4 |a Controlling  |2 eng 
700 1 |a Valo, Richard  |4 ths  |X 10204  |7 10204 
856 4 |u http://is.stuba.sk/zp/portal_zp.pl?podrobnosti=93656 
SQL |a stuzp46911  |b DBP  |c SLO  |d Tepelno-optická sústava uDAQ28-LT z pohľadu priemyselného riadenia  |e 61834  |f Kamenický, Andrej  |g 047000  |h 10204  |i Valo, Richard  |j 20140715  |k 104  |l 04  |m http://is.stuba.sk/zp/portal_zp.pl?podrobnosti=93656